| 000 | 00642nam a22002172 4500 | ||
|---|---|---|---|
| 001 | 0000003489 | ||
| 005 | 20151217155822.0 | ||
| 008 | 070508s xx 000 0 eng d | ||
| 020 | _a9966915001 : | ||
| 040 |
_aKABU _cKABU |
||
| 050 | 0 |
_aKSK1760 _b.K53 |
|
| 100 | 1 |
_aKibwana, Kivutha. _@0000153213 |
|
| 245 | 1 | 0 | _aSowing the constitutional seed in Kenya. |
| 260 |
_aNairobi : _bClaripress, _c1996. |
||
| 300 | _aviii, 243 p. | ||
| 650 | 0 |
_aConstitutional history _zKenya. _@0000153443 |
|
| 650 | 0 |
_aConstitutional law _zKenya. _@0000153433 |
|
| 908 | _a070508 | ||
| 950 | _@1 | ||
| 999 |
_c12861 _d12861 |
||